[Event "Aarhus Sommerskak 2021"]
[Site "Aarhus"]
[Date "2021.07.26"]
[Round "1"]
[White "Ahlander, Bjorn"]
[Black "Georgescu, Lena"]
[Result "1-0"]
[WhiteElo "2408"]
[BlackElo "2257"]
[PlyCount "89"]
[EventDate "2021.07.26"]
[EventType "swiss"]
[EventRounds "9"]
[EventCountry "DEN"]

1. Nf3 Nf6 2. c4 c5 3. Nc3 e6 4. e3 a6 5. d4 d5 6. cxd5 exd5 7. Be2 Nc6 8. O-O
Bd6 9. dxc5 Bxc5 10. a3 O-O 11. b4 Ba7 12. Bb2 Bg4 13. Qd3 d4 14. exd4 Nxd4 15.
Nxd4 Qxd4 16. Rad1 Bxe2 17. Qxe2 Qh4 18. Qf3 b5 19. Nd5 Nxd5 20. Rxd5 Rad8 21.
g3 Qe7 22. Rfd1 f6 23. Kg2 Rfe8 24. Bxf6 gxf6 25. Qg4+ Kf8 26. Rd7 h5 27. Qf5
Rxd7 28. Rxd7 Qe5 29. Qxe5 Rxe5 30. Rxa7 Re6 31. Kh3 Rc6 32. f4 Rc2 33. Rxa6
Kg7 34. Ra5 Ra2 35. Rxb5 Rxa3 36. Rxh5 Rb3 37. Rb5 Rb2 38. g4 Kg6 39. Rb6 Rd2
40. Kg3 Rd3+ 41. Kg2 Rd2+ 42. Kf3 Rxh2 43. g5 Kh5 44. Rxf6 Rh3+ 45. Ke4 1-0

[Event "Aarhus Sommerskak 2021"]
[Site "Aarhus"]
[Date "2021.07.26"]
[Round "1"]
[White "Koellner, Aaron Noah"]
[Black "Koellner, Ruben Gideon"]
[Result "0-1"]
[WhiteElo "2257"]
[BlackElo "2407"]
[PlyCount "74"]
[EventDate "2021.07.26"]
[EventType "swiss"]
[EventRounds "9"]
[EventCountry "DEN"]

1. d4 d6 2. e4 Nf6 3. Nd2 e5 4. c3 Nbd7 5. Ngf3 c6 6. a4 Be7 7. dxe5 dxe5 8.
Bc4 O-O 9. O-O a5 10. Re1 Qc7 11. Nf1 Nc5 12. Ng3 g6 13. Ng5 h6 14. Nf3 Kg7 15.
Be3 Be6 16. Qe2 Ng4 17. Bd2 Bxc4 18. Qxc4 b5 19. axb5 cxb5 20. Qxb5 Rfb8 21.
Qe2 Nb3 22. Rad1 Bc5 23. Nh1 a4 24. h3 Nf6 25. Ng3 a3 26. bxa3 Nxd2 27. Qxd2
Rxa3 28. Ra1 Rxc3 29. Rac1 Rbb3 30. Rxc3 Rxc3 31. Re2 Ba3 32. Qa2 Bc1 33. Nf1
Nh5 34. N1d2 Nf4 35. Re1 Rc2 36. Qa1 Bxd2 37. Nxe5 Bc3 0-1

[Event "Aarhus Sommerskak 2021"]
[Site "Aarhus"]
[Date "2021.07.26"]
[Round "1"]
[White "Antonsen, Mikkel"]
[Black "Olsson, William"]
[Result "0-1"]
[WhiteElo "2407"]
[BlackElo "2221"]
[PlyCount "90"]
[EventDate "2021.07.26"]
[EventType "swiss"]
[EventRounds "9"]
[EventCountry "DEN"]

1. d4 d5 2. c4 c6 3. Nf3 Nf6 4. e3 Bf5 5. Nc3 e6 6. Nh4 Bg6 7. Be2 Nbd7 8. O-O
Bd6 9. g3 O-O 10. Nxg6 hxg6 11. Qb3 Rb8 12. Rd1 Qe7 13. Qc2 dxc4 14. Bxc4 c5
15. Nb5 cxd4 16. exd4 Ra8 17. Bg5 a6 18. Nc3 Rfc8 19. Bb3 Qf8 20. Qe2 Rc7 21.
Rd3 Re8 22. Re1 b5 23. Rf3 Bb4 24. Re3 Rec8 25. Qf3 Kh8 26. g4 Bxc3 27. bxc3
Nh7 28. Bf4 Rc6 29. g5 Nb6 30. Qh3 a5 31. a4 bxa4 32. Ba2 a3 33. Qf3 Qd8 34.
Rd3 Nxg5 35. Qg3 Nh7 36. Re4 Nd5 37. Bd2 Ndf6 38. Re5 Qb6 39. Bc1 Nd5 40. Rxd5
exd5 41. Bxa3 Qc7 42. Bxd5 Rxc3 43. Rxc3 Qxc3 44. Qxc3 Rxc3 45. Bc5 Ng5 0-1

[Event "Aarhus Sommerskak 2021"]
[Site "Aarhus"]
[Date "2021.07.26"]
[Round "1"]
[White "Thuesen, Mogens Henrik"]
[Black "Fries Nielsen, Jens Ove"]
[Result "0-1"]
[WhiteElo "2178"]
[BlackElo "2359"]
[PlyCount "118"]
[EventDate "2021.07.26"]
[EventType "swiss"]
[EventRounds "9"]
[EventCountry "DEN"]

1. d4 e6 2. c4 Bb4+ 3. Bd2 c5 4. Bxb4 cxb4 5. e3 Nf6 6. Nd2 O-O 7. Bd3 d6 8.
Ne2 e5 9. Qc2 Nc6 10. O-O Bg4 11. f3 Bh5 12. a3 bxa3 13. Rxa3 Bg6 14. Bxg6 hxg6
15. Qc3 a5 16. Ng3 exd4 17. exd4 d5 18. c5 Re8 19. Raa1 Qc7 20. f4 Ng4 21. Rf3
a4 22. Rd1 Ra5 23. h3 Nf6 24. f5 g5 25. Re3 Rxe3 26. Qxe3 Nxd4 27. Qxd4 Qxg3
28. Nc4 Rb5 29. Ne5 Qb3 30. Ng4 Nxg4 31. Qxg4 Qe3+ 32. Kh1 Rxb2 33. Qxa4 Qe4
34. Qxe4 dxe4 35. Rd4 e3 36. Re4 e2 37. Kh2 Rc2 38. Re8+ Kh7 39. Kg3 Rxc5 40.
Kg4 Rc2 41. Kf3 f6 42. g4 g6 43. Re7+ Kh6 44. Kf2 gxf5 45. gxf5 Rc5 46. Rxb7
Re5 47. Ke1 Rxf5 48. Kxe2 Rf4 49. Rb3 Kh5 50. Ra3 Kh4 51. Rb3 f5 52. Ra3 Re4+
53. Kf2 f4 54. Rb3 Re3 55. Rxe3 fxe3+ 56. Kxe3 Kxh3 57. Kf2 g4 58. Kg1 Kg3 59.
Kh1 Kf2 0-1

[Event "Aarhus Sommerskak 2021"]
[Site "Aarhus"]
[Date "2021.07.26"]
[Round "1"]
[White "Heimisson, Hilmir Freyr"]
[Black "Christensen, Jan Schleicher"]
[Result "1-0"]
[WhiteElo "2317"]
[BlackElo "2171"]
[PlyCount "113"]
[EventDate "2021.07.26"]
[EventType "swiss"]
[EventRounds "9"]
[EventCountry "DEN"]

1. c4 c5 2. g3 g6 3. Bg2 Bg7 4. Nc3 Nc6 5. Nf3 e5 6. O-O Nge7 7. a3 O-O 8. Rb1
a5 9. Ne1 d6 10. Nc2 Be6 11. Ne3 Rb8 12. d3 Nd4 13. Bd2 b5 14. Nxb5 Nxb5 15.
cxb5 Rxb5 16. b4 axb4 17. axb4 cxb4 18. Qa4 Ra5 19. Qxb4 Ra2 20. Ra1 Rxa1 21.
Rxa1 d5 22. Qb7 d4 23. Nc4 Bd5 24. Bxd5 Nxd5 25. Bg5 Qxg5 26. Qxd5 h5 27. Ra7
h4 28. Qd7 e4 29. Ra1 hxg3 30. hxg3 e3 31. Kg2 exf2 32. Rf1 Rd8 33. Qb7 Qg4 34.
Rxf2 Qe6 35. Nd2 Bh6 36. Nc4 Be3 37. Rf1 Rd5 38. Nxe3 dxe3 39. Qa8+ Kg7 40.
Qa1+ Qe5 41. Qxe5+ Rxe5 42. g4 Rg5 43. Rf4 f5 44. Kf3 fxg4+ 45. Rxg4 Rh5 46.
Kxe3 Kf6 47. d4 Ra5 48. Rg1 g5 49. Ke4 Ra2 50. e3 Ra3 51. Rb1 Ra6 52. Rb5 Re6+
53. Kf3 Ra6 54. Kg4 Re6 55. Rf5+ Ke7 56. Kf3 Rg6 57. Re5+ 1-0

[Event "Aarhus Sommerskak 2021"]
[Site "Aarhus"]
[Date "2021.07.26"]
[Round "1"]
[White "Koellner, Christoph"]
[Black "Bank, Pelle Rodkjaer"]
[Result "1-0"]
[WhiteElo "2149"]
[BlackElo "2320"]
[PlyCount "81"]
[EventDate "2021.07.26"]
[EventType "swiss"]
[EventRounds "9"]
[EventCountry "DEN"]

1. d4 g6 2. Nf3 Bg7 3. Nbd2 Nf6 4. e4 O-O 5. c3 c5 6. dxc5 Qc7 7. Bd3 Na6 8.
Nb3 Nxc5 9. Nxc5 Qxc5 10. Be3 Qc7 11. Nd4 d5 12. exd5 Nxd5 13. Qf3 Nxe3 14.
Qxe3 a6 15. Nb3 b6 16. O-O e5 17. Be4 Rb8 18. Rfd1 a5 19. Nd2 Be6 20. Bc2 b5
21. Bb3 Bxb3 22. axb3 f5 23. Nf3 b4 24. h4 h6 25. Rd5 bxc3 26. Qxc3 Qf7 27.
Raxa5 e4 28. Ne5 Qe6 29. Qg3 Rb6 30. Nd7 f4 31. Qh3 e3 32. Nxb6 Qxb6 33. fxe3
fxe3 34. Rab5 e2+ 35. Rxb6 e1=Q+ 36. Kh2 Kh7 37. Rd7 Qe5+ 38. Qg3 Qxb2 39.
Qxg6+ Kh8 40. Rxg7 Qxg7 41. Qxh6+ 1-0

[Event "Aarhus Sommerskak 2021"]
[Site "Aarhus"]
[Date "2021.07.26"]
[Round "1"]
[White "Rewitz, Poul"]
[Black "Parra Becerra, Edgar Andre"]
[Result "1/2-1/2"]
[WhiteElo "2289"]
[BlackElo "2150"]
[PlyCount "40"]
[EventDate "2021.07.26"]
[EventType "swiss"]
[EventRounds "9"]
[EventCountry "DEN"]

1. e4 c5 2. Nf3 Nc6 3. d4 cxd4 4. Nxd4 g6 5. c4 Nf6 6. Nc3 d6 7. Be2 Nxd4 8.
Qxd4 Bg7 9. f3 O-O 10. Qf2 Be6 11. O-O Qa5 12. Rd1 Rfc8 13. Nd5 Bxd5 14. Bd2
Qa4 15. exd5 Nd7 16. b3 Qa3 17. Bc1 Qa5 18. Bd2 Qa3 19. Bc1 Qa5 20. Bd2 Qa3
1/2-1/2

[Event "Aarhus Sommerskak 2021"]
[Site "Aarhus"]
[Date "2021.07.26"]
[Round "1"]
[White "Easwaralingam, Adesh"]
[Black "Ramsdal, Jens Albert"]
[Result "0-1"]
[WhiteElo "2141"]
[BlackElo "2282"]
[PlyCount "76"]
[EventDate "2021.07.26"]
[EventType "swiss"]
[EventRounds "9"]
[EventCountry "DEN"]

1. e4 c5 2. Nf3 d6 3. d4 cxd4 4. Nxd4 Nf6 5. Nc3 Nc6 6. Bg5 e6 7. Qd2 a6 8.
O-O-O Bd7 9. f4 h6 10. Bh4 b5 11. a3 Qb6 12. Nxc6 Bxc6 13. Qd4 Qxd4 14. Rxd4
Rc8 15. Bxf6 gxf6 16. Be2 h5 17. g3 h4 18. g4 Bh6 19. Rf1 Ke7 20. Kb1 Bxf4 21.
Rxf4 e5 22. Nd5+ Bxd5 23. Rxd5 exf4 24. Rf5 Rc5 25. Rxf4 Re5 26. c4 Rc8 27. b3
d5 28. cxd5 Rc3 29. Rf3 Rxf3 30. Bxf3 Kd6 31. Kc2 Re8 32. Kd3 Rc8 33. Kd4 Rc2
34. g5 Rd2+ 35. Ke3 Rxh2 36. gxf6 Ke5 37. d6 Kxd6 38. Kf4 Rf2 0-1

[Event "Aarhus Sommerskak 2021"]
[Site "Aarhus"]
[Date "2021.07.26"]
[Round "1"]
[White "Berg, Klaus"]
[Black "Pedersen, Peer Ole"]
[Result "1-0"]
[WhiteElo "2285"]
[BlackElo "2081"]
[PlyCount "87"]
[EventDate "2021.07.26"]
[EventType "swiss"]
[EventRounds "9"]
[EventCountry "DEN"]

1. c4 c5 2. Nf3 Nf6 3. Nc3 Nc6 4. e3 g6 5. d4 d6 6. d5 Nb8 7. h3 Bg7 8. Bd3 O-O
9. O-O e6 10. e4 e5 11. Bg5 h6 12. Be3 Nh5 13. Qd2 Kh7 14. Kh2 f5 15. exf5 Bxf5
16. Ne4 Nf6 17. Qc2 Nxe4 18. Bxe4 Bxe4 19. Qxe4 Nd7 20. Nd2 Nf6 21. Qd3 Qe7 22.
Ne4 Rae8 23. a3 Nxe4 24. Qxe4 Qd7 25. f3 Bf6 26. b4 b6 27. Rab1 Rf7 28. h4 Qf5
29. g4 Qxe4 30. fxe4 Ref8 31. bxc5 bxc5 32. g5 hxg5 33. hxg5 Bd8 34. Rxf7+ Rxf7
35. Rb8 Ba5 36. Kg2 Kg7 37. a4 Rf8 38. Rb5 Bc7 39. Rb7 Rf7 40. Rxa7 Bb8 41. Ra8
Rb7 42. a5 Kf7 43. a6 Rb2+ 44. Kf3 1-0

[Event "Aarhus Sommerskak 2021"]
[Site "Aarhus"]
[Date "2021.07.27"]
[Round "2"]
[White "Ramsdal, Jens Albert"]
[Black "Ahlander, Bjorn"]
[Result "0-1"]
[WhiteElo "2282"]
[BlackElo "2408"]
[PlyCount "96"]
[EventDate "2021.07.26"]
[EventType "swiss"]
[EventRounds "9"]
[EventCountry "DEN"]

1. d4 Nf6 2. c4 e6 3. Nc3 d5 4. cxd5 exd5 5. Bg5 c6 6. Qc2 Be7 7. e3 h6 8. Bf4
a5 9. Bd3 Bd6 10. Bxd6 Qxd6 11. Nge2 O-O 12. O-O Na6 13. a3 Re8 14. Rad1 Nc7
15. Rfe1 Bd7 16. Ng3 Rad8 17. f3 Bc8 18. Na4 Ne6 19. Rc1 g6 20. Qc3 h5 21. Nf1
h4 22. Nc5 h3 23. Nxe6 Bxe6 24. g3 Qc7 25. b4 axb4 26. axb4 Qd7 27. Qc2 Kg7 28.
b5 Rc8 29. bxc6 Rxc6 30. Qb2 Rxc1 31. Rxc1 Rc8 32. Rc5 Bf5 33. Bb5 Qd8 34. g4
Be6 35. Ng3 Qa5 36. Kf2 b6 37. Rxc8 Bxc8 38. Ne2 Bxg4 39. fxg4 Nxg4+ 40. Kg3
Nxe3 41. Nc3 Qa8 42. Qe2 Nf5+ 43. Kf2 f6 44. Bd7 Qb8 45. Bxf5 Qxh2+ 46. Kf3
Qh1+ 47. Kf4 Qc1+ 48. Qe3 Qxe3+ 0-1

[Event "Aarhus Sommerskak 2021"]
[Site "Aarhus"]
[Date "2021.07.27"]
[Round "2"]
[White "Koellner, Ruben Gideon"]
[Black "Berg, Klaus"]
[Result "1-0"]
[WhiteElo "2407"]
[BlackElo "2285"]
[PlyCount "73"]
[EventDate "2021.07.26"]
[EventType "swiss"]
[EventRounds "9"]
[EventCountry "DEN"]

1. d4 c6 2. Nf3 d5 3. e3 Bf5 4. Bd3 Bxd3 5. cxd3 e6 6. O-O Nf6 7. Ne5 c5 8. Nd2
Bd6 9. Ndf3 O-O 10. dxc5 Bxc5 11. b3 Nbd7 12. Bb2 Nxe5 13. Nxe5 Rc8 14. Qf3 Qe7
15. a3 Bd6 16. Qe2 Rc7 17. f4 Rfc8 18. Rf2 a5 19. g4 Nd7 20. Nxd7 Rxd7 21. g5
e5 22. Qg4 Rdc7 23. f5 Rc2 24. Raf1 Rxf2 25. Rxf2 Qd7 26. Qh5 g6 27. Qf3 Bb8
28. h4 Re8 29. h5 e4 30. Qg2 exd3 31. hxg6 fxg6 32. fxg6 hxg6 33. Rf6 d2 34.
Rxg6+ Kh7 35. Rh6+ Kg8 36. Rh8+ Kf7 37. Qf3+ 1-0

[Event "Aarhus Sommerskak 2021"]
[Site "Aarhus"]
[Date "2021.07.27"]
[Round "2"]
[White "Fries Nielsen, Jens Ove"]
[Black "Koellner, Christoph"]
[Result "1-0"]
[WhiteElo "2359"]
[BlackElo "2149"]
[PlyCount "93"]
[EventDate "2021.07.26"]
[EventType "swiss"]
[EventRounds "9"]
[EventCountry "DEN"]

1. d4 d6 2. Nc3 Nf6 3. h3 h6 4. g4 c6 5. e4 e5 6. Bg2 Be7 7. Nge2 Nbd7 8. Be3
b5 9. d5 Bb7 10. dxc6 Bxc6 11. Ng3 g6 12. Qd2 h5 13. g5 Nh7 14. h4 Nb6 15. b3
O-O 16. O-O-O b4 17. Nd5 Nxd5 18. exd5 Bd7 19. Be4 Qa5 20. Kb1 Rfb8 21. Rhg1
Rb6 22. Ne2 Ra6 23. Nc1 Bb5 24. Qe1 Rb8 25. f3 Nf8 26. Bd2 Be8 27. f4 Nd7 28.
Bd3 Rab6 29. Rf1 Qxd5 30. Be3 Qa5 31. Bxb6 Nxb6 32. Be4 d5 33. Bg2 e4 34. f5
Bd7 35. fxg6 fxg6 36. Bxe4 dxe4 37. Qxe4 Bf5 38. Qxe7 Nd5 39. Rxf5 Nc3+ 40. Ka1
Qxf5 41. Rd7 Qxd7 42. Qxd7 Rf8 43. Qxa7 Rf1 44. Qb8+ Kf7 45. Qxb4 Rxc1+ 46. Kb2
Nd5 47. Qb7+ 1-0

[Event "Aarhus Sommerskak 2021"]
[Site "Aarhus"]
[Date "2021.07.27"]
[Round "2"]
[White "Olsson, William"]
[Black "Heimisson, Hilmir Freyr"]
[Result "0-1"]
[WhiteElo "2221"]
[BlackElo "2317"]
[PlyCount "94"]
[EventDate "2021.07.26"]
[EventType "swiss"]
[EventRounds "9"]
[EventCountry "DEN"]

1. c4 Nf6 2. g3 e6 3. Nf3 d5 4. d4 Be7 5. Bg2 O-O 6. O-O dxc4 7. Qc2 a6 8. a4
Bd7 9. Qxc4 Bc6 10. Bf4 Bd6 11. Qc1 a5 12. Nc3 Na6 13. Rd1 Bxf3 14. Bxf3 c6 15.
e4 Bxf4 16. gxf4 Nb4 17. Kh1 Qe7 18. Ra3 Rfd8 19. Ne2 Rd7 20. Rg1 Rad8 21. Rg5
b6 22. Qg1 Ne8 23. Qg3 h6 24. Rh5 Kh8 25. Rc3 Nf6 26. Rh4 c5 27. dxc5 bxc5 28.
Nc1 Rd4 29. Qg5 Nd3 30. Nxd3 Rxd3 31. Kg2 Rxc3 32. bxc3 Rd3 33. c4 Rd4 34. e5
Ng8 35. Qg3 Rxc4 36. Bc6 Qc7 37. Bb5 Qb7+ 38. Kh3 Rb4 39. Rg4 f5 40. Rg6 c4 41.
Qg2 Rb3+ 42. Rg3 Qxg2+ 43. Kxg2 c3 44. Bd3 Ne7 45. Kf1 Nd5 46. Ke1 Nb4 47. Kd1
Ra3 0-1

[Event "Aarhus Sommerskak 2021"]
[Site "Aarhus"]
[Date "2021.07.27"]
[Round "2"]
[White "Bank, Pelle Rodkjaer"]
[Black "Rewitz, Poul"]
[Result "1/2-1/2"]
[WhiteElo "2320"]
[BlackElo "2289"]
[PlyCount "91"]
[EventDate "2021.07.26"]
[EventType "swiss"]
[EventRounds "9"]
[EventCountry "DEN"]

1. d4 Nf6 2. g3 d5 3. Bg2 c6 4. c4 a6 5. Nf3 dxc4 6. a4 Bf5 7. Nbd2 e6 8. O-O
Be7 9. Nxc4 Be4 10. a5 O-O 11. Nb6 Ra7 12. Bf4 Nbd7 13. Nxd7 Nxd7 14. Qb3 Bd5
15. Qc2 Nf6 16. Rfd1 Be4 17. Qb3 Qd5 18. Qxd5 Nxd5 19. Ne5 Bxg2 20. Kxg2 Raa8
21. Nc4 Rad8 22. Kf3 g5 23. Bd2 h5 24. h3 f6 25. g4 Kf7 26. e4 Nc7 27. Be3 Kg7
28. Kg2 Rh8 29. f3 Nb5 30. Rd3 Bc5 31. Rad1 Ba7 32. d5 cxd5 33. exd5 e5 34.
Bxa7 Nxa7 35. Ne3 h4 36. Nf5+ Kf7 37. Rc1 Rd7 38. Kf2 Rhd8 39. Rc5 Nb5 40. Ke3
Rc7 41. Rxc7+ Nxc7 42. Ke4 Nb5 43. d6 Ke6 44. Ng7+ Kf7 45. Nf5 Ke6 46. Ng7+
1/2-1/2

[Event "Aarhus Sommerskak 2021"]
[Site "Aarhus"]
[Date "2021.07.27"]
[Round "2"]
[White "Parra Becerra, Edgar Andre"]
[Black "Antonsen, Mikkel"]
[Result "0-1"]
[WhiteElo "2150"]
[BlackElo "2407"]
[PlyCount "110"]
[EventDate "2021.07.26"]
[EventType "swiss"]
[EventRounds "9"]
[EventCountry "DEN"]

1. d4 Nf6 2. c4 e6 3. Nc3 Bb4 4. Nf3 d5 5. g3 O-O 6. Bg2 dxc4 7. O-O Nc6 8. Qa4
Bd7 9. Bg5 Bxc3 10. bxc3 h6 11. Bxf6 Qxf6 12. Qxc4 Rac8 13. Nd2 Qe7 14. Nb3
Rfd8 15. a4 Be8 16. a5 b5 17. Qc5 Qd6 18. e3 a6 19. Rfd1 Rb8 20. e4 e5 21. d5
Ne7 22. Qb4 c6 23. Nc5 cxd5 24. exd5 Nf5 25. Be4 g6 26. Bg2 h5 27. Nd3 Rbc8 28.
Qe4 Rxc3 29. Nxe5 b4 30. Bh3 Ne7 31. Nc4 Qc5 32. Nb6 b3 33. Qe1 Rc2 34. Rab1 b2
35. Rd2 Qc3 36. Rxc2 Qxc2 37. Bg2 Bb5 38. Be4 Qb3 39. Qd2 Qa3 40. Rxb2 f5 41.
Bb1 Qf3 42. Ba2 f4 43. Rb3 Qg4 44. Rb4 Qh3 45. Rxb5 f3 46. d6+ Kh7 47. Rxh5+
Qxh5 48. h4 Qe5 49. Nc4 Qe2 50. Qe3 Nf5 51. Qf4 Qe1+ 52. Kh2 Qxf2+ 53. Kh3 Qxa2
54. d7 Qg2+ 55. Kg4 f2 0-1

[Event "Aarhus Sommerskak 2021"]
[Site "Aarhus"]
[Date "2021.07.27"]
[Round "2"]
[White "Georgescu, Lena"]
[Black "Easwaralingam, Adesh"]
[Result "1/2-1/2"]
[WhiteElo "2257"]
[BlackElo "2141"]
[PlyCount "79"]
[EventDate "2021.07.26"]
[EventType "swiss"]
[EventRounds "9"]
[EventCountry "DEN"]

1. e4 c5 2. Nf3 e6 3. d4 cxd4 4. Nxd4 Nc6 5. Nc3 Qc7 6. Be3 a6 7. g4 Bb4 8.
Nxc6 dxc6 9. Qd4 Bxc3+ 10. Qxc3 e5 11. Be2 Nf6 12. O-O-O O-O 13. f3 Nd7 14. h4
b5 15. h5 c5 16. h6 g6 17. Qd2 Re8 18. Kb1 Nf8 19. Qd5 Be6 20. Qxc5 Qa5 21. a3
Rac8 22. Qb4 Qc7 23. Rd2 Nd7 24. Qd6 Qb7 25. Rhd1 Rc6 26. Qb4 Qc7 27. Rd3 Rc8
28. Rc3 Rxc3 29. Qxc3 Qxc3 30. bxc3 Rxc3 31. Bc1 Rc6 32. Bb2 f6 33. g5 Kf7 34.
gxf6 Kxf6 35. f4 Ke7 36. fxe5 Nc5 37. Rd6 Rxd6 38. exd6+ Kxd6 39. Bf3 Nd7 40.
Kc1 1/2-1/2

[Event "Aarhus Sommerskak 2021"]
[Site "Aarhus"]
[Date "2021.07.27"]
[Round "2"]
[White "Christensen, Jan Schleicher"]
[Black "Koellner, Aaron Noah"]
[Result "1-0"]
[WhiteElo "2171"]
[BlackElo "2257"]
[PlyCount "153"]
[EventDate "2021.07.26"]
[EventType "swiss"]
[EventRounds "9"]
[EventCountry "DEN"]

1. d4 d5 2. c4 e6 3. Nc3 Nf6 4. Nf3 Be7 5. g3 b6 6. cxd5 exd5 7. Bg2 Bf5 8. O-O
c6 9. Ne5 Ng4 10. e4 Nxe5 11. dxe5 dxe4 12. Qxd8+ Bxd8 13. Nxe4 O-O 14. Bf4 Bd7
15. Rfd1 a6 16. Rd2 Bc7 17. Rad1 Be6 18. b3 h6 19. Nd6 Ra7 20. Be3 c5 21. f4
Bd7 22. a4 Bc6 23. a5 Bxg2 24. axb6 Bxb6 25. Kxg2 Rd8 26. Nc4 Rxd2+ 27. Rxd2
Rb7 28. b4 Bc7 29. Bxc5 h5 30. f5 Nc6 31. Rd7 a5 32. bxa5 Nxa5 33. e6 fxe6 34.
Nxa5 Rb2+ 35. Kf3 Bxa5 36. fxe6 Rb8 37. Bd4 Re8 38. Rxg7+ Kf8 39. Rf7+ Kg8 40.
Rf5 Bb4 41. Rg5+ Kf8 42. Bc5+ Bxc5 43. Rxc5 Rxe6 44. Rxh5 Kg7 45. h4 Ra6 46.
Rb5 Ra4 47. Rf5 Rb4 48. Rf4 Rb5 49. Kg4 Kg6 50. Ra4 Kh6 51. Ra6+ Kg7 52. h5 Rc5
53. Kh4 Rb5 54. g4 Rc5 55. Rg6+ Kh7 56. Rg5 Rc4 57. Ra5 Kh6 58. Ra6+ Kg7 59.
h6+ Kh7 60. Kh5 Rc5+ 61. g5 Rb5 62. Ra7+ Kg8 63. Rg7+ Kh8 64. Rf7 Kg8 65. Rf4
Kh7 66. Kg4 Kg6 67. Rf6+ Kh7 68. Rf7+ Kg8 69. Rf5 Rb4+ 70. Kh5 Rb6 71. g6 Rb8
72. h7+ Kg7 73. Rf7+ Kh8 74. Kh6 Rg8 75. hxg8=Q+ Kxg8 76. Rf1 Kh8 77. Rf8# 1-0

[Event "Aarhus Sommerskak 2021"]
[Site "Aarhus"]
[Date "2021.07.27"]
[Round "2"]
[White "Pedersen, Peer Ole"]
[Black "Thuesen, Mogens Henrik"]
[Result "0-1"]
[WhiteElo "2081"]
[BlackElo "2178"]
[PlyCount "90"]
[EventDate "2021.07.26"]
[EventType "swiss"]
[EventRounds "9"]
[EventCountry "DEN"]

1. c4 e6 2. Nc3 d5 3. d4 c6 4. e3 Nf6 5. Bd3 Nbd7 6. Nf3 Bd6 7. O-O O-O 8. e4
dxc4 9. Bxc4 e5 10. h3 Qe7 11. Re1 Rd8 12. d5 Nb6 13. Bb3 cxd5 14. exd5 Bf5 15.
Bg5 h6 16. Bh4 Nbd7 17. Nd4 Bg6 18. Qf3 e4 19. Qe3 Bc5 20. Rad1 Re8 21. Bg3 Nh5
22. Bh2 Qh4 23. g4 Nhf6 24. Kg2 Nh7 25. Bg3 Qf6 26. h4 Ne5 27. Nxe4 Bxe4+ 28.
Qxe4 Nxg4 29. Qxe8+ Rxe8 30. Rxe8+ Nf8 31. Nf3 Bd6 32. Rc1 Kh7 33. Rcc8 Nd7 34.
Rh8+ Kg6 35. Rc4 Kh5 36. Re8 Bxg3 37. Kxg3 Nde5 38. Rf4 Qg6 39. Nxe5 Nxe5+ 40.
Kh3 Qd3+ 41. Kg2 Ng6 42. Rxf7 Nxh4+ 43. Kh2 Qf1 44. Rxg7 Qxf2+ 45. Kh3 Nf3 0-1

[Event "Aarhus Sommerskak 2021"]
[Site "Aarhus"]
[Date "2021.07.28"]
[Round "3"]
[White "Ahlander, Bjorn"]
[Black "Fries Nielsen, Jens Ove"]
[Result "1/2-1/2"]
[WhiteElo "2408"]
[BlackElo "2359"]
[PlyCount "20"]
[EventDate "2021.07.26"]
[EventType "swiss"]
[EventRounds "9"]
[EventCountry "DEN"]

1. d4 Nf6 2. c4 d6 3. Nf3 Nbd7 4. Nc3 e5 5. e4 Be7 6. Be2 O-O 7. O-O b6 8. Re1
Bb7 9. Bf1 a6 10. a3 c6 1/2-1/2

[Event "Aarhus Sommerskak 2021"]
[Site "Aarhus"]
[Date "2021.07.28"]
[Round "3"]
[White "Heimisson, Hilmir Freyr"]
[Black "Koellner, Ruben Gideon"]
[Result "0-1"]
[WhiteElo "2317"]
[BlackElo "2407"]
[PlyCount "58"]
[EventDate "2021.07.26"]
[EventType "swiss"]
[EventRounds "9"]
[EventCountry "DEN"]

1. c4 e6 2. Nc3 d5 3. d4 Nf6 4. Nf3 Be7 5. Bf4 O-O 6. e3 b6 7. cxd5 Nxd5 8.
Nxd5 Qxd5 9. Bd3 Qa5+ 10. Nd2 Ba6 11. Be4 Nd7 12. Bxa8 Rxa8 13. f3 e5 14. Bxe5
Nxe5 15. dxe5 Rd8 16. Rc1 Bb4 17. Rc2 Qxe5 18. Kf2 Qd6 19. g3 Bxd2 20. Kg2 c5
21. e4 Qd3 22. b3 h5 23. h4 Qe3 24. Qg1 Qd3 25. Qd1 Rd4 26. Rh2 Qe3 27. Qg1
Qe2+ 28. Qf2 Qd1 29. Rb2 Qc1 0-1

[Event "Aarhus Sommerskak 2021"]
[Site "Aarhus"]
[Date "2021.07.28"]
[Round "3"]
[White "Antonsen, Mikkel"]
[Black "Thuesen, Mogens Henrik"]
[Result "1-0"]
[WhiteElo "2407"]
[BlackElo "2178"]
[PlyCount "91"]
[EventDate "2021.07.26"]
[EventType "swiss"]
[EventRounds "9"]
[EventCountry "DEN"]

1. c4 e6 2. Nc3 d5 3. d4 c6 4. e4 dxe4 5. Nxe4 Bb4+ 6. Nc3 c5 7. Nf3 Nf6 8. Qd3
cxd4 9. Nxd4 e5 10. Ndb5 a6 11. Qxd8+ Kxd8 12. Na3 Bf5 13. f3 Nc6 14. Be3 Bxc3+
15. bxc3 Kc7 16. g4 Bg6 17. Kf2 Rhe8 18. Bh3 Rad8 19. Rhe1 Na5 20. Re2 Rd3 21.
Rc1 Nd7 22. Rb2 f6 23. g5 f5 24. f4 e4 25. Bf1 Rd6 26. Bd4 h6 27. gxh6 gxh6 28.
Ke3 Rc6 29. Rcb1 Bf7 30. Bh3 Be6 31. Rg1 Rxc4 32. Rb4 Rxb4 33. cxb4 Nc6 34. Nc2
Nb6 35. Bxb6+ Kxb6 36. Rg6 Rd8 37. Ne1 Rd1 38. Rxe6 Rxe1+ 39. Kf2 Ra1 40. Bxf5
Rxa2+ 41. Kg3 e3 42. Bg4 Kc7 43. f5 Nxb4 44. f6 Rf2 45. Bf3 Nc6 46. Rxc6+ 1-0

[Event "Aarhus Sommerskak 2021"]
[Site "Aarhus"]
[Date "2021.07.28"]
[Round "3"]
[White "Rewitz, Poul"]
[Black "Olsson, William"]
[Result "1/2-1/2"]
[WhiteElo "2289"]
[BlackElo "2221"]
[PlyCount "122"]
[EventDate "2021.07.26"]
[EventType "swiss"]
[EventRounds "9"]
[EventCountry "DEN"]

1. g3 g6 2. Bg2 Bg7 3. c3 c5 4. d3 Nc6 5. Na3 Nf6 6. f4 O-O 7. Nf3 d5 8. O-O d4
9. e4 e5 10. cxd4 cxd4 11. Nc4 Nd7 12. f5 Nc5 13. g4 b5 14. Na3 Qb6 15. Nc2 b4
16. Nce1 Qb5 17. Nh4 Rd8 18. Qf3 Rd7 19. Qh3 Ba6 20. a4 bxa3 21. Rxa3 Nb3 22.
Bg5 Nca5 23. f6 Bf8 24. Nf5 gxf5 25. Rxf5 Qb4 26. Nc2 Qc5 27. Bh6 Qxc2 28. Rg5+
Kh8 29. Bf1 Qd2 30. Rg7 Bxg7 31. fxg7+ Kg8 32. Bxd2 Nxd2 33. Rxa5 Rd6 34. Rxe5
Rc8 35. Be2 Rc1+ 36. Kf2 Rf6+ 37. Rf5 Rg6 38. g5 Bc8 39. Qg3 Bxf5 40. exf5 Rgc6
41. Qe5 Rc8 42. Qxd4 R1c5 43. Qf4 Nb3 44. f6 Nc1 45. Bf1 Re8 46. h4 a5 47. d4
Rc2+ 48. Kg1 Ne2+ 49. Bxe2 Rcxe2 50. h5 Rxb2 51. Qc1 Reb8 52. Qc5 Ra2 53. Qf5
a4 54. g6 Ra1+ 55. Kf2 Rb2+ 56. Ke3 Rb3+ 57. Kd2 Ra2+ 58. Kc1 Ra1+ 59. Kc2 Ra2+
60. Kc1 Ra1+ 61. Kc2 Ra2+ 1/2-1/2

[Event "Aarhus Sommerskak 2021"]
[Site "Aarhus"]
[Date "2021.07.28"]
[Round "3"]
[White "Koellner, Christoph"]
[Black "Ramsdal, Jens Albert"]
[Result "0-1"]
[WhiteElo "2149"]
[BlackElo "2282"]
[PlyCount "104"]
[EventDate "2021.07.26"]
[EventType "swiss"]
[EventRounds "9"]
[EventCountry "DEN"]

1. d4 e6 2. Nf3 Nf6 3. Bf4 b6 4. e3 Bb7 5. Nbd2 Be7 6. Bd3 Nh5 7. O-O d6 8. h3
Nxf4 9. exf4 O-O 10. Qe2 g6 11. Rfe1 Bf6 12. Be4 d5 13. Bd3 c5 14. c3 Nc6 15.
Qe3 cxd4 16. cxd4 Nb4 17. a3 Nxd3 18. Qxd3 Qc7 19. Ne5 Rfc8 20. Rac1 Qxc1 21.
Rxc1 Rxc1+ 22. Kh2 Rac8 23. Ng4 Bg7 24. Ne3 R1c7 25. Nf3 Bc6 26. Nd1 Ba4 27.
Nc3 Bb3 28. Qe3 Bc4 29. Ne5 a6 30. Na4 Bb5 31. Nc3 Be8 32. Nd3 Rxc3 33. bxc3
Rxc3 34. Qd2 Rxa3 35. Ne5 Ra4 36. Nf3 Rc4 37. g4 Bd7 38. Ne5 Bxe5 39. fxe5 Rc8
40. h4 a5 41. h5 Be8 42. Kg3 a4 43. Kh4 a3 44. Kg5 Kg7 45. hxg6 h6+ 46. Kh4 Ra8
47. Qf4 a2 48. Qf6+ Kg8 49. gxf7+ Bxf7 50. Qxh6 a1=Q 51. Kg5 Qb1 52. Kf6 Qg6+
0-1